The Amazing Devil - That Unwanted Animal - Lyrics - Statistics

General Stats
  • This quiz has been taken 12 times
  • The average score is 405 of 478
Answer Stats
Answer % Correct
a
100%
an
100%
And
100%
animal
100%
As
100%
as
100%
Be
100%
be
100%
beg
100%
But
100%
but
100%
don't
100%
fall
100%
get
100%
good
100%
good,
100%
he
100%
I
100%
I)
100%
I'm
100%
lie
100%
me
100%
me,
100%
no
100%
(No
100%
no,
100%
not
100%
of
100%
on
100%
plate
100%
say,
100%
that
100%
That
100%
the
100%
The
100%
To
100%
to
100%
to…
100%
unwanted
100%
we
100%
you,
100%
you
100%
You
100%
your
100%
all
83%
(All
83%
are
83%
at
83%
bed
83%
below
83%
can
83%
candle
83%
Can't
83%
can't
83%
Cause
83%
(Cause
83%
coming
83%
coming,
83%
dear
83%
door
83%
falls
83%
fathers
83%
fear
83%
floor
83%
for
83%
from
83%
God
83%
god-child,
83%
hand
83%
hear
83%
hello,
83%
here
83%
him
83%
Hold
83%
hollow
83%
(How
83%
how
83%
if
83%
ignored
83%
in
83%
is
83%
It
83%
it?
83%
it
83%
it's
83%
joke
83%
know
83%
laugh
83%
light
83%
like
83%
love
83%
love,
83%
made
83%
make
83%
more
83%
My
83%
(My
83%
my
83%
Nothing,
83%
nothing
83%
off
83%
one
83%
our
83%
our)
83%
out
83%
out)
83%
own
83%
pain)
83%
paint
83%
priest
83%
replies
83%
said,
83%
said
83%
scratching?
83%
scratching
83%
second
83%
silent
83%
skin
83%
sky
83%
So
83%
so
83%
something
83%
than
83%
There's
83%
Throw
83%
touch
83%
touch)
83%
turn
83%
up
83%
us
83%
wall
83%
wants
83%
Wants
83%
Well
83%
We're
83%
What?
83%
What’s
83%
what's
83%
whisper
83%
will
83%
wind
83%
you're
83%
about
67%
air
67%
applause
67%
ask
67%
Because
67%
bleat,
67%
blind,
67%
bones
67%
bored
67%
cannot
67%
Carries
67%
choke
67%
claws
67%
crave,
67%
creature
67%
creeps
67%
cry
67%
cut
67%
dead
67%
dress
67%
drown
67%
each
67%
enough
67%
fed
67%
follow
67%
fuck
67%
got
67%
grip
67%
grows
67%
hands
67%
hanging
67%
has
67%
imagine
67%
inside
67%
into
67%
I've
67%
join
67%
kills
67%
Lord
67%
loud
67%
mine)
67%
now
67%
open
67%
other
67%
paper
67%
peels
67%
philosophies
67%
picked
67%
plans
67%
prayer
67%
rattles
67%
ribcage
67%
rip
67%
scream,
67%
seem
67%
shipwrecks
67%
smash
67%
sound
67%
spear
67%
splinters
67%
starts
67%
sure
67%
telly
67%
these
67%
they
67%
this
67%
try
67%
whispers
67%
yours
67%
bairns
50%
bare
50%
belt
50%
beneath
50%
buckle
50%
burn
50%
chest
50%
devour
50%
doesn't
50%
eyes
50%
Holofernes
50%
howls
50%
knuckle
50%
(Let
50%
lines
50%
long
50%
Mr
50%
noise
50%
panting
50%
(Panting
50%
plates
50%
scratches,
50%
shake
50%
tightening
50%
time
50%
truly
50%
typing
50%
unison
50%
waves
50%
wink
50%
Wolf?
50%
joins
33%
last?)
33%
(Place
33%
screaming
33%
While
17%
shame)
0%
No matching quizzes found
Score Distribution
Percent of People with Each Score
Percentile by Number Answered
Your Score History
You have not taken this quiz